000 00275nam a2200097Ia 4500
001 1229398
005 20250827093100.0
008 250824s9999 xx 000 0 und d
245 0 _aPANTOLONUM BÜYÜLENDİ
_cJAMIE KELLY
260 _bALTIN KİTAPLAR YAYINLARI
999 _c1229398
_d1229398